00554nam a2200169Ia 4500008004100000020001500041041001200056082001600068100001800084245003700102260003400139300000800173650001200181942000700193999001500200952016900215221030s9999 xx 000 0 und d a8121901632 aEnglish a105.23bThe aB. L. Theraja 0aModern Physicscby B. L. Theraja bS.Chand & CoaNew Delhic1999 a422 aPhysics cBK c6991d6991 pBE 2983g75.00l0o105.23 Ther2024-06-13 00:00:00w2022-10-30yBK003Print4070aMIETLIBbMIETLIBcBL-Academic Block C, FL-2, CUP-8, SH-6, R-6d2001-03-1410HBE